Stratégia firmy ORGA-TRADE, a. s. pri rozširovaní konzultačných služieb diplomová práca

Na minha lista:
Detalhes bibliográficos
Autor principal: Hrnčírová, Lucia
Autor Corporativo: Obchodná fakulta EU. Katedra služieb a cestovného ruchu - zrušené
Outros Autores: Holubcová, Ivana, 1982-
Formato: Livro
Idioma:eslovaco
Publicado em: Bratislava 2011
Tags: Adicionar Tag
Sem tags, seja o primeiro a adicionar uma tag!

MARC

LEADER 00000nbm a2200000 4500
001 0140412
005 20161109101932.7
041 0 |a slo 
044 |a SK 
245 1 0 |a Stratégia firmy ORGA-TRADE, a. s. pri rozširovaní konzultačných služieb  |b diplomová práca  |c Lucia Hrnčírová ; školiteľ: Ivana Holubcová 
264 1 |a Bratislava  |c 2011 
300 |a 79 s. 
100 1 |a Hrnčírová, Lucia 
700 1 |a Holubcová, Ivana, 1982- 
710 2 |a Obchodná fakulta EU. Katedra služieb a cestovného ruchu - zrušené